| 000 | 01443nam a2200241 a 4500 | ||
|---|---|---|---|
| 008 | 090319s2003 ||||||||||||||||| || u | ||
| 020 | _a9982030132 | ||
| 050 | _aGN 657.B2 Kap | ||
| 100 | _aKapwepwe, Mulenga M | ||
| 245 | 1 | 0 |
_aTraditional Bemba foods and beverages _cby Mulenga M. Kapwepwe |
| 260 |
_aLusaka: _bMulenga M. Kapwepwe _c2003 |
||
| 300 | _a40p.: ill. | ||
| 350 | _a0.00 | ||
| 650 | _aBEMBAS--FOOD | ||
| 650 | _aFOOD | ||
| 650 | _aBEVERAGES | ||
| 995 |
_aMAIN LIBRARY OPEN ACCESS _e743923 _FCBU-MAIN LIBRARY (Kitwe) _I0.00 _jGN 657.B2 Kap _M2 _UAVAILABLE _WJun 27, 2013 _y743923 _ZMain Library Open Access Collection |
||
| 995 |
_aMAIN LIBRARY OPEN ACCESS _e743926 _FCBU-MAIN LIBRARY (Kitwe) _I0.00 _jGN 657.B2 Kap _M5 _UAVAILABLE _WJun 27, 2013 _y743926 _ZMain Library Open Access Collection |
||
| 995 |
_aSPECIAL COLLECTIONS _D0.00 _e739845 _FCBU-MAIN LIBRARY (Kitwe) _H1 _I0.00 _jZAM GN 657.B2 Kap _M1 _UAVAILABLE _WMay 19, 2009 _y739845 _ZZambiana Collection |
||
| 995 |
_aMAIN LIBRARY OPEN ACCESS _e743924 _FCBU-MAIN LIBRARY (Kitwe) _I0.00 _jGN 657.B2 Kap _M3 _UAVAILABLE _WJun 27, 2013 _y743924 _ZMain Library Open Access Collection |
||
| 995 |
_aMAIN LIBRARY OPEN ACCESS _e743925 _FCBU-MAIN LIBRARY (Kitwe) _I0.00 _jGN 657.B2 Kap _M4 _UAVAILABLE _WJun 27, 2013 _y743925 _ZMain Library Open Access Collection |
||
| 995 |
_aSPECIAL COLLECTIONS _e743927 _FCBU-MAIN LIBRARY (Kitwe) _I0.00 _jZAM GN 657.B2 Kap _M6 _UAVAILABLE _WJun 27, 2013 _y743927 _ZZambiana Collection |
||
| 999 |
_c81392 _d81392 |
||